000 00927nam a2200277 a 4500
001 000005224
005 20250219074027.0
008 090818s2008 dr r 000 0 spa d
020 _a9789945068771
040 _aDO-SdBNP
_bspa
_cBNPHU
082 _aRD863.44
_bG261n
100 1 _aGatón Arce, Freddy,
_d1920-1994
_97946
245 1 0 _aNovelas completas /
_cFreddy Gatón Arce ; edición Manuel Mora Serrano, Isael Pérez.
260 _aSanto Domingo :
_bSantuario,
_c2008.
300 _a150 p. ;
_c21 cm.
490 1 _aSantuario
_v40
590 _aInventariado, 2020/BT
650 0 _aNovela dominicana
_9223
650 0 _aLiteratura dominicana.
_967
700 1 2 _aMora Serrano, Manuel,
_c1933-
_eed.
_95162
700 1 2 _aPérez, Isael,
_d1961-
_eed.
_91414
740 3 _aLa canción de la hetera
740 3 _aLa guerrillera Sila Quásar
830 0 _aSantuario
_n40
_914908
910 _aValidado. Control de calidad. MMOLINA
999 _c5025
_d5025